Automatizované systémy řízení ve spojích

Saved in:
Bibliographic Details
Main Author: Šafránek, Svatopluk
Corporate Author: Vysoká škola ekonomická v Praze. Výrobně ekonomická fakulta
Format: Book
Language:Czech
Published: Praha Státní pedagogické nakladatelství 1985
Tags: Add Tag
No Tags, Be the first to tag this record!

MARC

LEADER 00000nam a2200000 4500
001 c105983
005 20190425091651.8
041 0 |a cze 
044 |a CZ 
245 1 0 |a Automatizované systémy řízení ve spojích  |c Svatopluk Šafránek 
264 1 |a Praha  |b Státní pedagogické nakladatelství  |c 1985 
300 |a 226 s. 
100 1 |a Šafránek, Svatopluk 
710 2 |a Vysoká škola ekonomická v Praze. Výrobně ekonomická fakulta